[Event "European Championship"]
[Site "Plovdiv BUL"]
[Date "2012.03.27"]
[Round "7"]
[White "Brunello, Sabino"]
[Black "Volokitin, Andrei"]
[Result "0-1"]
[WhiteElo "2587"]
[BlackElo "2695"]
[PlyCount "64"]
[EventDate "2012.03.20"]
[EventRounds "11"]
[EventCountry "BUL"]

1. d4 Nf6 2. c4 g6 3. g3 Bg7 4. Bg2 c5 5. d5 d6 6. Nc3 Qb6 7. Nf3 Qb4 8. Nd2
O-O 9. a3 Qa5 10. O-O a6 11. Rb1 Nbd7 12. b4 Qc7 13. Qb3 cxb4 14. axb4 a5 15.
Nb5 Qb6 16. Qa4 Qd8 17. Ba3 Nb6 18. Qb3 axb4 19. Bxb4 Na4 20. Ra1 Nc5 21. Bxc5
Rxa1 22. Rxa1 dxc5 23. Rb1 Bd7 24. Qa3 Qa8 25. Qxa8 Rxa8 26. Ne4 Bf5 27. Nxf6+
Bxf6 28. Rd1 Bg4 29. d6 Bxe2 30. Re1 Bxc4 31. Nc7 Rd8 32. Re4 b5 0-1

[Event "European Championship"]
[Site "Plovdiv BUL"]
[Date "2012.03.27"]
[Round "7"]
[White "Cheparinov, Ivan"]
[Black "Jakovenko, Dmitry"]
[Result "1/2-1/2"]
[WhiteElo "2664"]
[BlackElo "2729"]
[PlyCount "81"]
[EventDate "2012.03.20"]
[EventRounds "11"]
[EventCountry "BUL"]

1. e4 e5 2. Nf3 Nc6 3. Bb5 Nf6 4. d3 Bc5 5. c3 O-O 6. O-O d6 7. Nbd2 a6 8. Bxc6
bxc6 9. d4 exd4 10. cxd4 Bb6 11. Qc2 c5 12. dxc5 Bxc5 13. e5 Nd5 14. Ne4 Bf5
15. Bg5 Qe8 16. Rad1 Qe6 17. Rfe1 Rfe8 18. Qb3 Nb4 19. Qxe6 Rxe6 20. Nxc5 dxc5
21. Re3 h6 22. Bh4 Nxa2 23. h3 Rb6 24. Be7 c4 25. Ba3 Nb4 26. Rc3 Bd3 27. Nd2
Na2 28. Nxc4 Nxc3 29. Nxb6 Rd8 30. bxc3 cxb6 31. f4 Rd5 32. Kf2 Bc4 33. Rxd5
Bxd5 34. f5 g6 35. f6 g5 36. g4 Kh7 37. Bd6 Kg6 38. Bc7 b5 39. Ba5 h5 40. Bb4
hxg4 41. hxg4 1/2-1/2

[Event "European Championship"]
[Site "Plovdiv BUL"]
[Date "2012.03.27"]
[Round "7"]
[White "Dreev, Aleksey"]
[Black "Brkic, Ante"]
[Result "1-0"]
[WhiteElo "2698"]
[BlackElo "2587"]
[PlyCount "73"]
[EventDate "2012.03.20"]
[EventRounds "11"]
[EventCountry "BUL"]

1. d4 Nf6 2. c4 g6 3. Nc3 d5 4. Bg5 Ne4 5. Bh4 Nxc3 6. bxc3 dxc4 7. e3 Be6 8.
Rb1 Nd7 9. Nf3 Bg7 10. Ng5 Bd5 11. e4 h6 12. exd5 hxg5 13. Bxg5 Nb6 14. Bxc4
Qd6 15. g3 O-O-O 16. Bb3 Nxd5 17. Qf3 Rh5 18. h4 Bf6 19. Bd2 Qe6+ 20. Qe2 Qxe2+
21. Kxe2 e5 22. c4 Ne7 23. d5 Nf5 24. Bc3 Rhh8 25. c5 Bg7 26. Rhd1 Rhe8 27. Bc4
Re7 28. Rb4 Nd4+ 29. Kf1 Ne6 30. Rxb7 Kxb7 31. Rb1+ Ka8 32. d6 c6 33. dxe7 Re8
34. Bxe6 fxe6 35. Rb4 Rxe7 36. Rg4 Kb7 37. Rxg6 1-0

[Event "European Championship"]
[Site "Plovdiv BUL"]
[Date "2012.03.27"]
[Round "7"]
[White "Fridman, Daniel"]
[Black "Bacrot, Etienne"]
[Result "1/2-1/2"]
[WhiteElo "2653"]
[BlackElo "2706"]
[PlyCount "81"]
[EventDate "2012.03.20"]
[EventRounds "11"]
[EventCountry "BUL"]

1. d4 Nf6 2. Nf3 g6 3. g3 Bg7 4. Bg2 d5 5. O-O O-O 6. Ne5 Ng4 7. Nxg4 Bxg4 8.
c4 c6 9. cxd5 cxd5 10. Nc3 Nc6 11. h3 Be6 12. e4 Nxd4 13. exd5 Bd7 14. Re1 e5
15. dxe6 Bxe6 16. Be3 Qd7 17. Ne2 Rad8 18. Nxd4 Bxd4 19. Qxd4 Qxd4 20. Bxd4
Rxd4 21. Rad1 Rfd8 22. Rxd4 Rxd4 23. Re2 b6 24. a3 Kf8 25. h4 Rd1+ 26. Kh2 Bg4
27. Rc2 Bf5 28. Rc7 Rd7 29. Rxd7 Bxd7 30. Kg1 Ke7 31. Kf1 Kd6 32. Ke1 Ke5 33.
Kd2 Kd4 34. Bf1 h6 35. Bd3 g5 36. hxg5 hxg5 37. Bb1 f6 38. Bd3 Bg4 39. Bb1 Bf3
40. Bd3 Bg4 41. Bb1 1/2-1/2

[Event "European Championship"]
[Site "Plovdiv BUL"]
[Date "2012.03.27"]
[Round "7"]
[White "Giri, Anish"]
[Black "Fodor, Tamas Jr"]
[Result "0-1"]
[WhiteElo "2717"]
[BlackElo "2482"]
[PlyCount "100"]
[EventDate "2012.03.20"]
[EventRounds "11"]
[EventCountry "BUL"]

1. Nf3 d5 2. c4 d4 3. g3 Nc6 4. Bg2 e5 5. d3 Nf6 6. O-O Bd6 7. Na3 O-O 8. Nc2
Re8 9. a3 a5 10. b3 Ne7 11. Bg5 Nd7 12. b4 c6 13. Bd2 h6 14. e3 dxe3 15. Nxe3
Nf8 16. Bc3 Nf5 17. Nc2 Bc7 18. Qd2 f6 19. Rfe1 Ne6 20. Rad1 axb4 21. axb4 Ra2
22. Ra1 Rxa1 23. Bxa1 Nd6 24. Qe2 Bd7 25. Nh4 Ng5 26. Ne3 Qc8 27. Bb2 Ndf7 28.
Qh5 f5 29. Re2 f4 30. gxf4 exf4 31. Bxg7 Kxg7 32. Qg6+ Kf8 33. Nef5 Bxf5 34.
Rxe8+ Qxe8 35. Qxf5 Qe1+ 36. Bf1 Qe6 37. c5 Nf3+ 38. Kh1 Qxf5 39. Nxf5 Be5 40.
Kg2 Ne1+ 41. Kh3 Bf6 42. Kg4 Nxd3 43. Bxd3 Ne5+ 44. Kxf4 Nxd3+ 45. Ke4 Nxf2+
46. Ke3 Ng4+ 47. Kf4 Nxh2 48. Nd6 Bd8 49. Nxb7 Bc7+ 50. Kf5 Ke7 0-1

[Event "European Championship"]
[Site "Plovdiv BUL"]
[Date "2012.03.27"]
[Round "7"]
[White "Hovhannisyan, Robert"]
[Black "Vitiugov, Nikita"]
[Result "0-1"]
[WhiteElo "2600"]
[BlackElo "2709"]
[PlyCount "106"]
[EventDate "2012.03.20"]
[EventRounds "11"]
[EventCountry "BUL"]

1. e4 c5 2. Nf3 e6 3. d4 cxd4 4. Nxd4 a6 5. Nc3 b5 6. Bd3 Qb6 7. Nf3 Qc7 8. O-O
Bb7 9. Re1 Be7 10. e5 f5 11. Bf4 Nh6 12. Ng5 O-O 13. a3 Nc6 14. Qh5 Bxg5 15.
Qxg5 Ng4 16. Nd5 exd5 17. Bxf5 Nh6 18. e6 Qd8 19. e7 Nxe7 20. Bxh7+ Kxh7 21.
Rxe7 Rf7 22. Rae1 Qf8 23. Bd2 Nf5 24. R7e5 d6 25. Re6 d4 26. g4 Bd5 27. gxf5
Bxe6 28. fxe6 Rf5 29. Qh4+ Kg8 30. e7 Qf7 31. Bg5 Re8 32. f4 Rc5 33. Re2 Qf5
34. Qh5 g6 35. Qf3 Kf7 36. h4 Kg7 37. h5 Rxc2 38. h6+ Kh7 39. Rxc2 Qxc2 40. Qd5
Qc1+ 41. Kg2 Qxb2+ 42. Kg3 Qc3+ 43. Kg4 Qc4 44. Qxd6 Qe2+ 45. Kg3 Qe3+ 46. Kg4
Rc8 47. Qe5 Qg1+ 48. Kf3 Qh1+ 49. Ke2 Qg2+ 50. Kd1 Qc2+ 51. Ke1 Qb1+ 52. Ke2
Rc2+ 53. Kd3 Rc3+ 0-1

[Event "European Championship"]
[Site "Plovdiv BUL"]
[Date "2012.03.27"]
[Round "7"]
[White "Inarkiev, Ernesto"]
[Black "Jones, Gawain C B"]
[Result "1/2-1/2"]
[WhiteElo "2695"]
[BlackElo "2635"]
[PlyCount "65"]
[EventDate "2012.03.20"]
[EventRounds "11"]
[EventCountry "BUL"]

1. d4 Nf6 2. c4 e6 3. Nf3 Bb4+ 4. Nbd2 b6 5. a3 Bxd2+ 6. Qxd2 Bb7 7. g3 O-O 8.
Bg2 Be4 9. O-O d5 10. Qc3 dxc4 11. Qxc4 Nc6 12. Bd2 Bd5 13. Qd3 Be4 14. Qc4 Bd5
15. Qd3 Be4 16. Qe3 Qd5 17. Rac1 Nxd4 18. Qxd4 Bxf3 19. Qxd5 Bxd5 20. Rxc7 Rfd8
21. Bg5 Bxg2 22. Kxg2 h6 23. Bxf6 gxf6 24. Rfc1 Rd2 25. b4 Rxe2 26. Rd1 a5 27.
Rdd7 axb4 28. Rxf7 bxa3 29. Rg7+ Kh8 30. Rh7+ Kg8 31. Rhg7+ Kh8 32. Rh7+ Kg8
33. Rhg7+ 1/2-1/2

[Event "European Championship"]
[Site "Plovdiv BUL"]
[Date "2012.03.27"]
[Round "7"]
[White "Ivanisevic, Ivan"]
[Black "Jobava, Baadur"]
[Result "1/2-1/2"]
[WhiteElo "2645"]
[BlackElo "2706"]
[PlyCount "103"]
[EventDate "2012.03.20"]
[EventRounds "11"]
[EventCountry "BUL"]

1. d4 Nf6 2. Bg5 e6 3. Nd2 h6 4. Bh4 c5 5. e4 cxd4 6. e5 g5 7. Bg3 Nd5 8. h4
Qb6 9. hxg5 Qxb2 10. Rb1 Qa3 11. Qf3 Qxf3 12. Ngxf3 Nc6 13. Ne4 Nc3 14. Nxc3
dxc3 15. Bd3 b6 16. Rh4 Bb7 17. Ke2 h5 18. Rb3 Rc8 19. g6 Ne7 20. gxf7+ Kxf7
21. Ra4 Bxf3+ 22. Kxf3 Rc7 23. Rf4+ Ke8 24. Rc4 Rxc4 25. Bxc4 Bg7 26. Ke4 h4
27. Bh2 Kf7 28. Ra3 Rc8 29. Be2 a5 30. Bf4 Nd5 31. Ra4 Nb4 32. Bd3 Bf8 33. Be3
Bc5 34. a3 Nd5 35. Bxc5 Rxc5 36. Rc4 Rc6 37. Rd4 Rc8 38. Bc4 Rg8 39. Kf3 Rh8
40. Bxd5 exd5 41. Rxd5 Ke7 42. Rd3 Rf8+ 43. Ke3 Rg8 44. Rd4 Rxg2 45. Rxh4 b5
46. Rh6 Rg1 47. Rb6 Rb1 48. f4 b4 49. axb4 axb4 50. f5 Re1+ 51. Kd4 Re2 52.
Rxb4 1/2-1/2

[Event "European Championship"]
[Site "Plovdiv BUL"]
[Date "2012.03.27"]
[Round "7"]
[White "Kobalia, Mikhail"]
[Black "Caruana, Fabiano"]
[Result "1/2-1/2"]
[WhiteElo "2666"]
[BlackElo "2767"]
[PlyCount "79"]
[EventDate "2012.03.20"]
[EventRounds "11"]
[EventCountry "BUL"]

1. e4 e5 2. Nf3 Nc6 3. Bb5 a6 4. Ba4 Nf6 5. O-O b5 6. Bb3 Bc5 7. a4 Rb8 8. c3
d6 9. d4 Bb6 10. a5 Ba7 11. h3 O-O 12. Be3 Ra8 13. Nbd2 h6 14. Re1 Re8 15. dxe5
Nxe5 16. Nxe5 dxe5 17. Nf1 Qe7 18. Qf3 Bd7 19. Bxa7 Rxa7 20. Ne3 Raa8 21. Rad1
Rad8 22. Nd5 Nxd5 23. Bxd5 Be6 24. Bxe6 Qxe6 25. Rxd8 Rxd8 26. Rd1 Rd6 27. Rxd6
Qxd6 28. Qe3 c5 29. f3 h5 30. h4 g6 31. Kf2 c4 32. Kg3 Kg7 33. Qb6 Qd2 34. Qxa6
Qxb2 35. Qb6 Qxc3 36. Qxb5 Qe1+ 37. Kh3 Qh1+ 38. Kg3 Qe1+ 39. Kh3 Qh1+ 40. Kg3
1/2-1/2

[Event "European Championship"]
[Site "Plovdiv BUL"]
[Date "2012.03.27"]
[Round "7"]
[White "Laznicka, Viktor"]
[Black "Edouard, Romain"]
[Result "1-0"]
[WhiteElo "2702"]
[BlackElo "2607"]
[PlyCount "47"]
[EventDate "2012.03.20"]
[EventRounds "11"]
[EventCountry "BUL"]

1. d4 d5 2. c4 dxc4 3. Nf3 Nf6 4. e3 e6 5. Bxc4 a6 6. O-O c5 7. Bb3 Nc6 8. Nc3
cxd4 9. exd4 Be7 10. Bg5 O-O 11. Qd2 Na5 12. Bc2 b5 13. Rad1 Bb7 14. d5 Bxd5
15. Nxd5 exd5 16. Rfe1 Nc6 17. Qf4 Nh5 18. Qh4 Bxg5 19. Qxh5 h6 20. h4 Be7 21.
Rxd5 Qb6 22. Qf5 g6 23. Qf4 Rad8 24. Rh5 1-0

[Event "European Championship"]
[Site "Plovdiv BUL"]
[Date "2012.03.27"]
[Round "7"]
[White "Lenic, Luka"]
[Black "Sutovsky, Emil"]
[Result "1/2-1/2"]
[WhiteElo "2637"]
[BlackElo "2700"]
[PlyCount "80"]
[EventDate "2012.03.20"]
[EventRounds "11"]
[EventCountry "BUL"]

1. c4 c5 2. Nf3 Nf6 3. d4 cxd4 4. Nxd4 Nc6 5. Nc3 e6 6. a3 Bc5 7. Nb3 Bb6 8.
Bf4 d5 9. e3 d4 10. exd4 Nxd4 11. Nxd4 Bxd4 12. Nb5 Bxb2 13. Nc7+ Ke7 14. Qb3
e5 15. Qxb2 Qxc7 16. Bxe5 Qb6 17. O-O-O Rd8 18. Rxd8 Kxd8 19. Bd3 Qxb2+ 20.
Kxb2 Be6 21. Rd1 Rc8 22. Be4+ Nd7 23. Bxg7 Rxc4 24. Bxb7 Kc7 25. Ba6 Rg4 26.
Bd4 Rxg2 27. Be3 Ne5 28. Rc1+ Kd8 29. Bxa7 Rxh2 30. a4 Rh4 31. Rd1+ Kc7 32. Rd4
Nc4+ 33. Bxc4 Rxd4 34. Bxd4 Bxc4 35. Kc3 Ba6 36. Be5+ Kc6 37. Kd4 h5 38. Bg3
Be2 39. Ke5 Bd1 40. Kf6 Bxa4 1/2-1/2

[Event "European Championship"]
[Site "Plovdiv BUL"]
[Date "2012.03.27"]
[Round "7"]
[White "Malakhov, Vladimir"]
[Black "Timofeev, Artyom"]
[Result "1-0"]
[WhiteElo "2705"]
[BlackElo "2650"]
[PlyCount "75"]
[EventDate "2012.03.20"]
[EventRounds "11"]
[EventCountry "BUL"]

1. c4 c5 2. Nf3 Nf6 3. Nc3 d5 4. cxd5 Nxd5 5. g3 Nc6 6. Bg2 Nc7 7. d3 e5 8. O-O
Be7 9. Nd2 Bd7 10. Nc4 f6 11. f4 b5 12. Ne3 Rc8 13. a4 b4 14. Nb5 exf4 15. Nc4
fxg3 16. Nbd6+ Bxd6 17. Nxd6+ Ke7 18. Nxc8+ Qxc8 19. hxg3 Nd4 20. Be3 Nce6 21.
Rc1 Rd8 22. Rc4 Bc6 23. Bxd4 Rxd4 24. Rxd4 Bxg2 25. Rc4 Bxf1 26. Qxf1 Qd7 27.
Qf5 Qxa4 28. Re4 Qc6 29. Qxh7 Kf7 30. Qh5+ Kf8 31. Kf2 a5 32. Rxe6 Qxe6 33.
Qxc5+ Kf7 34. Qxa5 Qb3 35. Qa7+ Kg6 36. Qd4 Kh6 37. g4 Kg6 38. Qe4+ 1-0

[Event "European Championship"]
[Site "Plovdiv BUL"]
[Date "2012.03.27"]
[Round "7"]
[White "Mamedyarov, Shakhriyar"]
[Black "Grigorov, Grigor"]
[Result "1-0"]
[WhiteElo "2752"]
[BlackElo "2489"]
[PlyCount "63"]
[EventDate "2012.03.20"]
[EventRounds "11"]
[EventCountry "BUL"]

1. Nf3 Nf6 2. c4 e6 3. Nc3 c5 4. g3 b6 5. Bg2 Bb7 6. O-O Be7 7. d4 cxd4 8. Qxd4
d6 9. Rd1 a6 10. b3 Nbd7 11. h3 O-O 12. g4 Nc5 13. g5 Ne8 14. h4 f5 15. Qe3 f4
16. Qd2 Nc7 17. Bb2 Qe8 18. b4 Nd7 19. Na4 e5 20. c5 bxc5 21. bxc5 d5 22. Nxe5
Nxe5 23. Bxe5 Qxa4 24. Bxc7 f3 25. Bxf3 Bxc5 26. Rac1 Ba7 27. Bg3 Rf7 28. Bxd5
Bxf2+ 29. Bxf2 Qg4+ 30. Kh2 Kh8 31. Bg3 Re8 32. Re1 1-0

[Event "European Championship"]
[Site "Plovdiv BUL"]
[Date "2012.03.27"]
[Round "7"]
[White "Maze, Sebastien"]
[Black "Grachev, Boris"]
[Result "1/2-1/2"]
[WhiteElo "2577"]
[BlackElo "2705"]
[PlyCount "88"]
[EventDate "2012.03.20"]
[EventRounds "11"]
[EventCountry "BUL"]

1. d4 d5 2. c4 e6 3. Nc3 a6 4. cxd5 exd5 5. Bf4 Nf6 6. e3 Bd6 7. Bg3 Bf5 8. Bd3
Bxd3 9. Qxd3 O-O 10. Nf3 Re8 11. O-O Bxg3 12. hxg3 Nbd7 13. Rfe1 c6 14. Nd2 Re6
15. f3 Qc7 16. Nf1 Rae8 17. Rac1 h5 18. b4 Qd6 19. a3 Qe7 20. Na4 b5 21. Nc5
Nxc5 22. bxc5 Nh7 23. Rc2 h4 24. Rce2 Qg5 25. g4 Qf6 26. Nd2 Ng5 27. Qf5 Qh6
28. f4 Ne4 29. Nxe4 Rxe4 30. g5 Qh5 31. Qh3 a5 32. g4 Qh7 33. Kf2 g6 34. Rh1
Kg7 35. Qxh4 Qxh4+ 36. Rxh4 Rh8 37. Rxh8 Kxh8 38. Kf3 Kg7 39. Rh2 Re8 40. Ke2
Re4 41. Kd3 Kg8 42. Rh1 Kg7 43. Rh2 Kg8 44. Rh1 Kg7 1/2-1/2

[Event "European Championship"]
[Site "Plovdiv BUL"]
[Date "2012.03.27"]
[Round "7"]
[White "Navara, David"]
[Black "Jianu, Vlad-Cristian"]
[Result "1-0"]
[WhiteElo "2700"]
[BlackElo "2497"]
[PlyCount "75"]
[EventDate "2012.03.20"]
[EventRounds "11"]
[EventCountry "BUL"]

1. d4 Nf6 2. c4 g6 3. Nf3 Bg7 4. g3 c6 5. Bg2 d5 6. b3 O-O 7. O-O dxc4 8. bxc4
c5 9. Bb2 Qb6 10. Qb3 Ne4 11. e3 Nc6 12. Ne5 Nd6 13. dxc5 Qxc5 14. Nxc6 bxc6
15. Bxg7 Kxg7 16. Nd2 Be6 17. Rfc1 Rab8 18. Qc3+ Kg8 19. Nb3 Qb4 20. Qxb4 Rxb4
21. c5 Ne4 22. Bxe4 Rxe4 23. Nd4 Bd5 24. Re1 f5 25. Rab1 Bxa2 26. Rb7 Bd5 27.
Rxa7 f4 28. gxf4 Rfxf4 29. f3 Re5 30. e4 Rh4 31. Rc1 Rg5+ 32. Kf2 Rxh2+ 33. Ke3
e5 34. Rb1 exd4+ 35. Kf4 Bf7 36. Kxg5 Rh3 37. Rb8+ Kg7 38. Kg4 1-0

[Event "European Championship"]
[Site "Plovdiv BUL"]
[Date "2012.03.27"]
[Round "7"]
[White "Riazantsev, Alexander"]
[Black "Ragger, Markus"]
[Result "1/2-1/2"]
[WhiteElo "2710"]
[BlackElo "2654"]
[PlyCount "80"]
[EventDate "2012.03.20"]
[EventRounds "11"]
[EventCountry "BUL"]

1. d4 d5 2. c4 c6 3. Nc3 Nf6 4. e3 e6 5. Nf3 Nbd7 6. Bd3 dxc4 7. Bxc4 b5 8. Bd3
Bb7 9. e4 b4 10. Na4 c5 11. O-O cxd4 12. e5 Nd5 13. Nxd4 Nxe5 14. Bb5+ Nd7 15.
Re1 Rc8 16. b3 Be7 17. Rxe6 O-O 18. Nc6 Bxc6 19. Rxc6 Nc7 20. Bf1 Ne5 21. Qxd8
Rfxd8 22. Rc2 Nd5 23. Rxc8 Rxc8 24. Bb2 Bf6 25. Re1 Nc3 26. Nxc3 bxc3 27. Rc1
g6 28. Ba1 c2 29. Bxe5 Bxe5 30. Bc4 Rd8 31. Rxc2 Rd1+ 32. Bf1 Bxh2+ 33. Kxh2
Rxf1 34. Kg3 Ra1 35. Kf4 h5 36. Rd2 Kg7 37. Rc2 Kg8 38. Rd2 Kg7 39. Rc2 Kg8 40.
Rd2 Kg7 1/2-1/2

[Event "European Championship"]
[Site "Plovdiv BUL"]
[Date "2012.03.28"]
[Round "8"]
[White "Bacrot, Etienne"]
[Black "Ivanisevic, Ivan"]
[Result "1-0"]
[WhiteElo "2706"]
[BlackElo "2645"]
[PlyCount "87"]
[EventDate "2012.03.20"]
[EventRounds "11"]
[EventCountry "BUL"]

1. d4 Nf6 2. c4 g6 3. Nc3 Bg7 4. e4 d6 5. Nf3 O-O 6. Be2 c5 7. O-O Re8 8. h3
cxd4 9. Nxd4 Nc6 10. Be3 Bd7 11. Nc2 a6 12. Rb1 Rb8 13. Qd2 b6 14. Rfd1 Bc8 15.
b4 Bb7 16. f3 Ne5 17. Nd5 Ba8 18. Nd4 e6 19. Nxf6+ Bxf6 20. Nb3 Be7 21. Rbc1
Bf8 22. c5 dxc5 23. Qe1 Qf6 24. bxc5 b5 25. f4 Nc4 26. Bxc4 bxc4 27. Rxc4 e5
28. f5 Kh8 29. Qf2 Be7 30. fxg6 Qxg6 31. Qf5 Rg8 32. Qxg6 Rxg6 33. Rd7 Re8 34.
Na5 Rg3 35. c6 Rxe3 36. c7 Rc8 37. Rxe7 Kg7 38. Rxe5 Rd3 39. Rec5 Rd7 40. Nb3
Kf8 41. Rb4 Re7 42. Rb8 Ree8 43. Rxc8 Rxc8 44. Nd2 1-0

[Event "European Championship"]
[Site "Plovdiv BUL"]
[Date "2012.03.28"]
[Round "8"]
[White "Caruana, Fabiano"]
[Black "Jones, Gawain C B"]
[Result "1/2-1/2"]
[WhiteElo "2767"]
[BlackElo "2635"]
[PlyCount "82"]
[EventDate "2012.03.20"]
[EventRounds "11"]
[EventCountry "BUL"]

1. d4 Nf6 2. c4 g6 3. Nc3 Bg7 4. e4 d6 5. f3 O-O 6. Be3 Nc6 7. Nge2 a6 8. Qd2
Rb8 9. Rc1 Bd7 10. Nd1 b5 11. c5 Re8 12. Nf2 dxc5 13. Rxc5 e5 14. d5 Ne7 15.
Nd3 c6 16. d6 Nc8 17. Ng3 Nxd6 18. Nxe5 Rxe5 19. Rxe5 Nd5 20. Bd4 f6 21. Bc5
Nf7 22. Rxd5 cxd5 23. exd5 f5 24. Be2 Qf6 25. b4 Rd8 26. f4 Bc6 27. Bf3 Qc3 28.
Qxc3 Bxc3+ 29. Ke2 Bxd5 30. Bxd5 Rxd5 31. Rc1 Bf6 32. Be3 Rd6 33. Rc8+ Nd8 34.
Nf1 Rc6 35. Ra8 Kf7 36. Ra7+ Be7 37. Bc5 Re6+ 38. Ne3 Nc6 39. Rb7 Ke8 40. Bxe7
Rxe7 41. Rxe7+ Kxe7 1/2-1/2

[Event "European Championship"]
[Site "Plovdiv BUL"]
[Date "2012.03.28"]
[Round "8"]
[White "Goumas, Georgios"]
[Black "Giri, Anish"]
[Result "0-1"]
[WhiteElo "2398"]
[BlackElo "2717"]
[PlyCount "74"]
[EventDate "2012.03.20"]
[EventRounds "11"]
[EventCountry "BUL"]

1. e4 c5 2. Nf3 e6 3. b3 a6 4. Bb2 d6 5. Nc3 Nc6 6. Bd3 Nf6 7. O-O Be7 8. Re1
Nd7 9. Bf1 Bf6 10. Rb1 g5 11. d3 h5 12. Ne2 g4 13. Nd2 b5 14. c3 h4 15. d4 g3
16. f4 gxh2+ 17. Kxh2 e5 18. Nf3 Bg7 19. d5 Na5 20. c4 bxc4 21. fxe5 dxe5 22.
Bc3 cxb3 23. axb3 Nb7 24. Nf4 Qf6 25. Nd3 Qg6 26. Qd2 Rh5 27. Qf2 Nd6 28. Kg1
h3 29. Nxc5 Nf6 30. Qa2 Qg3 31. Qa4+ Ke7 32. Bxe5 Rxe5 33. Nxe5 hxg2 34. Bxg2
Bh3 35. Nc6+ Kf8 36. Re2 Ng4 37. Kf1 Qf3+ 0-1

[Event "European Championship"]
[Site "Plovdiv BUL"]
[Date "2012.03.28"]
[Round "8"]
[White "Grachev, Boris"]
[Black "Nabaty, Tamir"]
[Result "1-0"]
[WhiteElo "2705"]
[BlackElo "2559"]
[PlyCount "107"]
[EventDate "2012.03.20"]
[EventRounds "11"]
[EventCountry "BUL"]

1. c4 e5 2. Nc3 Nf6 3. Nf3 Nc6 4. g3 Nd4 5. Bg2 Nxf3+ 6. Bxf3 c6 7. d4 d6 8.
Bg2 Be7 9. O-O O-O 10. d5 Bd7 11. b3 Rc8 12. Qd3 Ne8 13. e4 Nc7 14. Be3 cxd5
15. Nxd5 Nxd5 16. Qxd5 Qc7 17. a4 a5 18. Rad1 b6 19. Bc1 Bg4 20. Rde1 Qc5 21.
Qd2 h5 22. h4 Kh7 23. Qa2 Qc7 24. Be3 Rg8 25. Qd2 Rcf8 26. Kh2 Qd8 27. Bh3 g6
28. Bxg4 hxg4 29. f3 f5 30. fxg4 f4 31. gxf4 Bxh4 32. Rd1 exf4 33. Bxf4 Qc8 34.
Kh3 Be7 35. Bxd6 Rd8 36. Rf7+ Rg7 37. Rxg7+ Kxg7 38. Be5+ Kf7 39. Qf4+ Ke6 40.
Rd5 Rf8 41. Qe3 Rf1 42. Kg2 Bc5 43. Qg5 Rf2+ 44. Kg3 Kf7 45. Bd6 Rf6 46. e5 Re6
47. Qd2 Bxd6 48. exd6 Qd7 49. Qf2+ Kg8 50. Qf4 Kg7 51. Rd3 Kg8 52. Qd4 Re1 53.
Qxb6 Qf7 54. d7 1-0

[Event "European Championship"]
[Site "Plovdiv BUL"]
[Date "2012.03.28"]
[Round "8"]
[White "Istratescu, Andrei"]
[Black "Fressinet, Laurent"]
[Result "1/2-1/2"]
[WhiteElo "2633"]
[BlackElo "2693"]
[PlyCount "55"]
[EventDate "2012.03.20"]
[EventRounds "11"]
[EventCountry "BUL"]

1. e4 e5 2. Nf3 Nc6 3. Bb5 a6 4. Ba4 Nf6 5. O-O Be7 6. Re1 b5 7. Bb3 O-O 8. c3
d5 9. d4 dxe4 10. Nxe5 Nxe5 11. dxe5 Qxd1 12. Bxd1 Nd7 13. Bc2 Nxe5 14. Bxe4
Rb8 15. Bf4 Bd6 16. Bxe5 Bxe5 17. Bxh7+ Kxh7 18. Rxe5 Rd8 19. Kf1 f6 20. Re3
Rd1+ 21. Re1 Rxe1+ 22. Kxe1 Bf5 23. Na3 Re8+ 24. Kd2 Rd8+ 25. Ke3 Re8+ 26. Kd2
Rd8+ 27. Ke3 Re8+ 28. Kd2 1/2-1/2

[Event "European Championship"]
[Site "Plovdiv BUL"]
[Date "2012.03.28"]
[Round "8"]
[White "Jakovenko, Dmitry"]
[Black "Ragger, Markus"]
[Result "1/2-1/2"]
[WhiteElo "2729"]
[BlackElo "2654"]
[PlyCount "85"]
[EventDate "2012.03.20"]
[EventRounds "11"]
[EventCountry "BUL"]

1. d4 d5 2. c4 c6 3. Nc3 Nf6 4. e3 e6 5. Nf3 Nbd7 6. Qc2 Bd6 7. Bd3 O-O 8. O-O
dxc4 9. Bxc4 a6 10. Rd1 b5 11. Bd3 Qc7 12. Bd2 c5 13. Ne4 c4 14. Nxd6 Qxd6 15.
Be2 Bb7 16. b3 Bd5 17. Qb2 Ne4 18. Ba5 f5 19. Ne1 Rf6 20. bxc4 bxc4 21. Qb4
Qxb4 22. Bxb4 a5 23. Bd2 Rff8 24. f3 Nxd2 25. Rxd2 Rab8 26. Rc1 Rb4 27. a3 Rb3
28. e4 fxe4 29. fxe4 Bxe4 30. Bxc4 Rb6 31. Re2 Nf6 32. Nf3 Bd5 33. Bxd5 Nxd5
34. Ne5 Rfb8 35. Nc6 Rb1 36. Rxb1 Rxb1+ 37. Kf2 Rb3 38. Rxe6 Rxa3 39. Re5 Ra2+
40. Kf3 Ra3+ 41. Ke4 Nf6+ 42. Kf4 Ra2 43. Rxa5 1/2-1/2

[Event "European Championship"]
[Site "Plovdiv BUL"]
[Date "2012.03.28"]
[Round "8"]
[White "Jobava, Baadur"]
[Black "Fridman, Daniel"]
[Result "1-0"]
[WhiteElo "2706"]
[BlackElo "2653"]
[PlyCount "93"]
[EventDate "2012.03.20"]
[EventRounds "11"]
[EventCountry "BUL"]

1. d4 d5 2. c4 e6 3. Nc3 Be7 4. Bf4 Nf6 5. e3 O-O 6. a3 b6 7. Nb5 Na6 8. Nf3
Bb7 9. Rc1 dxc4 10. Bxc4 Nd5 11. Be5 c6 12. Nc3 Nxc3 13. Rxc3 b5 14. Bd3 b4 15.
Rc1 c5 16. h4 h6 17. Ng5 cxd4 18. Qh5 Bf6 19. Bxf6 Qxf6 20. Nh7 Qd8 21. Nxf8
dxe3 22. Bh7+ Kxf8 23. O-O e2 24. Rfe1 bxa3 25. bxa3 f5 26. Qxe2 Qd5 27. f3
Qd4+ 28. Qe3 Qxe3+ 29. Rxe3 Kf7 30. Rb3 Bd5 31. Rb5 Rd8 32. h5 Kf6 33. Bg6 Rd7
34. Kf2 Ke7 35. Ra5 Rd6 36. Rc8 Rb6 37. Bxf5 Bb7 38. Rg8 exf5 39. Rxg7+ Kf6 40.
Rg6+ Ke7 41. Re5+ Kd7 42. Rxb6 axb6 43. Rxf5 Nc5 44. Rf6 b5 45. Rxh6 Nd3+ 46.
Ke3 Ne1 47. Rh7+ 1-0

[Event "European Championship"]
[Site "Plovdiv BUL"]
[Date "2012.03.28"]
[Round "8"]
[White "Korobov, Anton"]
[Black "Inarkiev, Ernesto"]
[Result "1/2-1/2"]
[WhiteElo "2679"]
[BlackElo "2695"]
[PlyCount "89"]
[EventDate "2012.03.20"]
[EventRounds "11"]
[EventCountry "BUL"]

1. d4 d5 2. c4 c6 3. Nc3 Nf6 4. Nf3 dxc4 5. a4 Bf5 6. e3 e6 7. Bxc4 Bb4 8. O-O
Nbd7 9. Qe2 Bg6 10. e4 O-O 11. Bd3 Bh5 12. e5 Nd5 13. Nxd5 cxd5 14. Qe3 Be7 15.
Bd2 Nb8 16. b4 Bxf3 17. Qxf3 Nc6 18. Qg4 g6 19. b5 Na5 20. Bh6 Re8 21. Rae1 Nc4
22. f4 Bb4 23. f5 exf5 24. Bxf5 Bxe1 25. Rxe1 Nd6 26. Bd3 f5 27. Qf3 Qh4 28.
Qe3 Ne4 29. Bxe4 fxe4 30. Rf1 Rf8 31. Bxf8 Rxf8 32. Qb3 Rxf1+ 33. Kxf1 Qf4+ 34.
Ke2 Qg4+ 35. Ke1 Qxg2 36. Qxd5+ Kg7 37. Qxb7+ Kh6 38. Qf7 Qg1+ 39. Ke2 Qxd4 40.
e6 Qd3+ 41. Ke1 e3 42. Qf3 Qc3+ 43. Ke2 Qd2+ 44. Kf1 Qc1+ 45. Ke2 1/2-1/2

[Event "European Championship"]
[Site "Plovdiv BUL"]
[Date "2012.03.28"]
[Round "8"]
[White "Laznicka, Viktor"]
[Black "Nisipeanu, Liviu-Dieter"]
[Result "1/2-1/2"]
[WhiteElo "2702"]
[BlackElo "2643"]
[PlyCount "81"]
[EventDate "2012.03.20"]
[EventRounds "11"]
[EventCountry "BUL"]

1. d4 d5 2. c4 dxc4 3. Nf3 Nf6 4. e3 e6 5. Bxc4 c5 6. O-O a6 7. Bb3 cxd4 8.
exd4 Nc6 9. Nc3 Be7 10. Bg5 O-O 11. Qd2 b5 12. Rad1 Na5 13. Bc2 Bb7 14. d5 exd5
15. Qf4 Re8 16. Rfe1 Qb6 17. Nd4 Bc5 18. Nf5 Nc4 19. Bh4 Rxe1+ 20. Rxe1 Re8 21.
Rxe8+ Nxe8 22. b3 Qe6 23. Kf1 Qe5 24. Qxe5 Nxe5 25. Ne7+ Bxe7 26. Bxe7 f6 27.
Ne2 Kf7 28. Bc5 Nc7 29. f4 Nd7 30. Bd6 Ne8 31. Bb4 g6 32. Kf2 Nb8 33. Nd4 Nc6
34. Nxc6 Bxc6 35. Ke3 Ng7 36. g4 f5 37. gxf5 Nxf5+ 38. Bxf5 gxf5 39. Bc5 Ke6
40. b4 d4+ 41. Kxd4 1/2-1/2